THE SECRETS OF PROTENS (Record no. 11137)

MARC details
000 -LEADER
fixed length control field 00274nam a22000977a 4500
008 - FIXED-LENGTH DATA ELEMENTS--GENERAL INFORMATION
fixed length control field 180922b ||||| |||| 00| 0 eng d
020 ## - INTERNATIONAL STANDARD BOOK NUMBER
International Standard Book Number 9788123731056
100 ## - MAIN ENTRY--PERSONAL NAME
Personal name Rajadhyaksha, s Medha
9 (RLIN) 6901
245 ## - TITLE STATEMENT
Title THE SECRETS OF PROTENS
260 ## - PUBLICATION, DISTRIBUTION, ETC. (IMPRINT)
Place of publication, distribution, etc. NEW DELHI
Name of publisher, distributor, etc. NATIONAL BOOK TRUST
Date of publication, distribution, etc. 2014
Holdings
Withdrawn status Lost status Source of classification or shelving scheme Damaged status Koha normalized classification for sorting Not for loan Home library Current library Shelving location Date acquired Total Checkouts Full call number Barcode Date last seen Price effective from Koha item type Date last checked out
    Dewey Decimal Classification   RAJ_641_000000000000000_C7   Good Samaritan School Library Good Samaritan School Library Home Science 09/22/2018   RAJ641 C-7 RAJ15123 09/22/2018 09/22/2018 BOOK  
    Dewey Decimal Classification   RAJ_641_000000000000000_C7   Good Samaritan School Library Good Samaritan School Library Home Science 09/22/2018 2 RAJ641 C-7 RAJ15124 11/28/2019 09/22/2018 BOOK 11/21/2019

Powered by Koha